| 000 | 00649cab a2200217 4500 | ||
|---|---|---|---|
| 001 | WB2715-04 | ||
| 008 | 090401t1991 xxu||||| |||| 00| 0 eng d | ||
| 035 | _a(Sirsi) u56656 | ||
| 041 | _aeng | ||
| 245 | _aGoldfinger`s building to be demolished | ||
| 260 | _c1991 | ||
| 350 | _a0 | ||
| 490 |
_aDaily Telegraph _v13/4/91 p9 |
||
| 520 | _aSouthwark Council has decided that Alexander Fleming House , the former DHSS headquarters designed by Erno Goldfinger is to be demolished. | ||
| 650 | _aDEMOLITION | ||
| 650 | _aELEPHANT AND CASTLE | ||
| 650 | _aOFFICE BUILDINGS | ||
| 690 | _aBUILT ENVIRONMENT | ||
| 942 | _n0 | ||
| 948 | _c04/03/1997 | ||
| 999 |
_c34576 _d34576 |
||